000
00326nam a2200145Ia 4500
100
_a
Mody/ S.M.
942
_c
BK
654
_a
Management
245
_a
Train the trainer W.M.
260
_b
Indian Society for Technical ed
_a
New Delhi
_c
1996
082
_a
658.312404
_b
mod
300
_a
50
546
_a
ENGLISH
999
_c
27697
_d
27697